Städte durch Satellit #1 - Statistiken

Allgemein
  • Dieses Quiz wurde 202 mal gespielt
  • Das Durchschnittsergebnis liegt bei 8 aus 15
Antwortstatistiken
Bildquiz Antwort % Korrekt
Dubai
94%
Venedig
87%
London
85%
Istanbul
77%
Monaco
71%
Rom
71%
Amsterdam
67%
Singapur
58%
Chicago
36%
Schanghai
34%
Sydney
34%
Buenos Aires
25%
Boston
21%
Montreal
15%
Detroit
13%
Keine übereinstimmenden Quizze gefunden
Verteilung der Resultate
Anzahl Personen mit jedem Resultat
Perzentil nach korrekt beantworteten Fragen
Ihre Resultats-Entwicklung
Sie haben dieses Quiz noch nicht gespielt